The Idea of Justice : (Record no. 590689)
[ view plain ]
| 000 -LEADER | |
|---|---|
| fixed length control field | 00521nam a22001457a 4500 |
| 003 - CONTROL NUMBER IDENTIFIER | |
| control field | NUST |
| 005 - DATE AND TIME OF LATEST TRANSACTION | |
| control field | 20220727110011.0 |
| 082 ## - DEWEY DECIMAL CLASSIFICATION NUMBER | |
| Classification number | 320.011, SEN |
| 100 ## - MAIN ENTRY--PERSONAL NAME | |
| Personal name | Sen, Amartya |
| 245 ## - TITLE STATEMENT | |
| Title | The Idea of Justice : |
| Statement of responsibility, etc. | by Amartya Sen |
| 260 ## - PUBLICATION, DISTRIBUTION, ETC. | |
| Place of publication, distribution, etc. | Pakistan/ London |
| Name of publisher, distributor, etc. | Svc Book Club |
| Date of publication, distribution, etc. | 2009 |
| 300 ## - PHYSICAL DESCRIPTION | |
| Extent | xxviii, 467: pages |
| 505 ## - FORMATTED CONTENTS NOTE | |
| Formatted contents note | Part-1: The Demands of Justice (Page-29), Part-2: Forms of Reasoning (Page-153), Part-3: The Materials of Justice (Page-223), Part-4: Public Reasoning and Democracy (Page-319). |
| 942 ## - ADDED ENTRY ELEMENTS (KOHA) | |
| Source of classification or shelving scheme | |
| Koha item type | Book |
| Withdrawn status | Lost status | Source of classification or shelving scheme | Damaged status | Not for loan | Permanent Location | Current Location | Shelving location | Date acquired | Full call number | Barcode | Date last seen | Price effective from | Koha item type | Public note |
|---|---|---|---|---|---|---|---|---|---|---|---|---|---|---|
| Military College of Signals (MCS) | Military College of Signals (MCS) | General Stacks | 07/27/2022 | 320.011, SEN | MCS38572 | 07/27/2022 | 07/27/2022 | Book | Almirah Fresh No.44, Shelf No.3 |
